MARC details
| 000 -CABECERA |
| campo de control de longitud fija |
00934nam a2200265 a 4500 |
| 005 - FECHA Y HORA DE LA ÚLTIMA TRANSACCIÓN |
| campo de control |
20210219154510.0 |
| 008 - ELEMENTOS DE LONGITUD FIJA--INFORMACIÓN GENERAL |
| campo de control de longitud fija |
030624s1984 mx r 000 0 spa d |
| 020 ## - NÚMERO INTERNACIONAL NORMALIZADO PARA LIBROS |
| Número Internacional Estándar del Libro |
96849606504 |
| 035 ## - NÚMERO DE CONTROL DEL SISTEMA |
| Número de control de sistema |
UPN01000126657 |
| 049 ## - COLECCIÓN |
| Colección |
SEP |
| 050 #4 - SIGNATURA TOPOGRÁFICA DE LA BIBLIOTECA DEL CONGRESO |
| Número de clasificación |
HN5 |
| Número de documento/Ítem |
C23 no.114 v.5 |
| 100 1# - ASIENTO PRINCIPAL--NOMBRE PERSONAL |
| Nombre de persona |
Celestino Solís, Eustaquio |
| 245 10 - MENCIÓN DE TÍTULO |
| Título |
Los de Xalitla, Guerrero, pescamos así--- / |
| Mención de responsabilidad, etc. |
Eustaqui Celestino Solís. |
| 260 ## - PUBLICACIÓN, DISTRIBUCIÓN, ETC. |
| Lugar de publicación, distribución, etc. |
México : |
| Nombre del editor, distribuidor, etc. |
SEP : |
| -- |
CIESAS, |
| Fecha de publicación, distribución, etc. |
1984. |
| 300 ## - DESCRIPCIÓN FÍSICA |
| Extensión |
128 p. : |
| Otras características físicas |
il. |
| 440 #0 - MENCIÓN DE SERIE/ASIENTO SECUNDARIO--TÍTULO |
| Título |
Cuadernos de la casa chata ; |
| Designación de volumen o secuencia |
114 |
| 440 #4 - MENCIÓN DE SERIE/ASIENTO SECUNDARIO--TÍTULO |
| Título |
Los pescadores de México ; |
| Designación de volumen o secuencia |
5 |
| 501 ## - NOTA DE "CON" |
| Nota de “Con” |
Con: Cangrejos y renacuajos en Acatlán, Guerrero / Marco Matías Alonso, Aurelio Alegre |
| 651 #4 - ASIENTO SECUNDARIO DE MATERIA - NOMBRE GEOGRAFICO |
| Nombre geográfico |
MEXICO - |
| Subdivisión general |
CONDICIONES SOCIALES - |
| Subdivisión de forma |
COLECCIONES |
| 650 #4 - ASIENTO SECUNDARIO DE MATERIA - TERMINO TEMATICO |
| Término de materia o nombre geográfico como elemento de entrada |
PESCA - |
| Subdivisión geográfica |
GUERRERO |
| 700 1# - ASIENTO SECUNDARIO--NOMBRE DE PERSONAL |
| Nombre de persona |
Alonso, Marcos Matías, |
| Término indicativo de función/relación |
coaut. |
| 700 1# - ASIENTO SECUNDARIO--NOMBRE DE PERSONAL |
| Nombre de persona |
Alegre, Aurelio, |
| Término indicativo de función/relación |
coaut. |
| 740 0# - ASIENTO SECUNDARIO - TÍTULOS RELACIONADOS /ANALITICOS NO CONTROLADOS |
| Título relacionado o analítico no controlado |
Cangrejos y renacuajos en Acatlán, Guerrero |
| 905 ## - TIPO DE MATERIAL |
| Tipo de material |
Libro |